Gaming Quiz

Random Gaming or Toys Quiz

26 Classic Toys Slideshow Quiz Stats

Quiz Updated May 4, 2015

Also try: Toys: Close Up II
Challenge
Share
Tweet
Score 0/26 Timer 08:00
1 Play Today
% Correct
LEGO
97.2%
Slinky
96.6%
Play-Doh
95.5%
Hula Hoop
91.4%
Mr. Potato Head
91.3%
Tickle Me Elmo
90.1%
Cabbage Patch Kid
88%
Beanie Babies
87.9%
Troll Doll
85.7%
Rubik's Cube
84.4%
Magic 8 Ball
84.4%
Hot Wheels
83.6%
Mood Ring
82.3%
% Correct
Army Men
82.1%
Silly Putty
81.1%
Lincoln Logs
80.6%
Furby
74.1%
Lite-Brite
71.7%
Raggedy Ann and Andy
71.3%
Rock 'Em Sock 'Em Robots
68.6%
Polly Pocket
63.6%
Pogs
56.7%
Tamagotchi
50.3%
Erector Set
48%
Tech Decks
43.2%
Teddy Ruxpin
42.9%

You're not logged in!

Compare scores with friends on all Sporcle quizzes.
Join for Free
OR
Log In

You Might Also Like...

Show Comments

Extras

Top Quizzes Today


Score Distribution

Your Account Isn't Verified!

In order to create a playlist on Sporcle, you need to verify the email address you used during registration. Go to your Sporcle Settings to finish the process.

Report this User

Report this user for behavior that violates our Community Guidelines.

Details: